01413nam a2200265 a 4500001001000000003000400010005001700014008004100031040002500072082002500097245008500122260003500207300002000242490001600262500024000278651005900518651007200577700004000649830002000689910003700709942001400746952018100760952018900941999001701130000029897OSt20260305073951.0110426s1986 dr 000 0 spa d aDO-SdBNPbspacBNPHU 4a330.97293bP855d22200aPosibilidades de desarrollo de la región del este /ceditor, Frank Moya Pons. aSanto Domingo :bFORUM,c1986. a70 p. ;c22 cm.0 aFORUM ;v25 aEste libro recorre las exposiciones que fueron presentadas en el encuentro sobre las posibilidades de desarrollo de la región del este, celebrado por FORUM en la Casa de la Cultura de La Romana, el domingo 29 de septiembre de 1985.  4aRepública DominicanaxCondiciones económicas 9281 4aLa Romana (República Dominicana)xCondiciones económicas9463661 aMoya Pons, Frank,d1944-eed.92095 0aFORUMv2597431 aValidado. Control de calidad MFF 2ddccLBS1 00102ddc51718PDaBNPHUbPDcHDd2011-04-26iLF1l0oBNPHU PD 330.97293 P855dp29897-10r2020-06-25w2020-06-25yLFPDzInventariado, 2020/VM/Validado. Control de calidad MFF 00102ddc51728PDaBNPHUbPDcHDd2011-05-31iLF1l0o BNPHU PD 330.97293 P855d p29897-20r2020-06-25te. 2w2020-06-25yLFPDzInventariado, 2020/VM/Validado. Control de calidad MFF c29389d29389